English Rugby League Teams - Statistics

General Stats
  • This quiz has been taken 88 times
  • The average score is 18 of 36
Answer Stats
Answer % Correct
Hull KR
97%
Wigan Warriors
93%
St. Helens
91%
Leeds Rhinos
90%
Warrington Wolves
90%
Hull FC
88%
Castleford Tigers
82%
Bradford Bulls
76%
Huddersfield Giants
76%
Leigh Leopards
76%
Salford Red Devils
73%
Wakefield Trinity
72%
Catalans Dragons
69%
London Broncos
67%
Widnes Vikings
49%
Featherstone Rovers
43%
York Knights
43%
Batley Bulldogs
37%
Sheffield Eagles
36%
Barrow Raiders
34%
Swinton Lions
33%
Dewsbury Rams
31%
Whitehaven
31%
Oldham
30%
Toulouse Olympique
28%
Keighley Cougars
27%
Workington Town
27%
Newcastle Thunder
25%
Doncaster
24%
Halifax Panthers
24%
North Wales Crusaders
22%
Goole Vikings
21%
Hunslet
19%
Rochdale Hornets
19%
Midlands Hurricanes
18%
Cornwall
16%
No matching quizzes found
Score Distribution
Percent of People with Each Score
Percentile by Number Answered
Your Score History
You have not taken this quiz